Normal view
MARC view
- Froberg, Carl-Erik
Entry Personal Name
001 - CONTROL NUMBER
- control field: 113428
003 - CONTROL NUMBER IDENTIFIER
- control field: NUST
005 - DATE AND TIME OF LATEST TRANSACTION
- control field: 20230706130706.0
008 - FIXED-LENGTH DATA ELEMENTS
- fixed length control field: 230706|| aca||aabn | a|a d
040 ## - CATALOGING SOURCE
- Original cataloging agency: NUST
- Transcribing agency: NUST
100 ## - HEADING--PERSONAL NAME
- Personal name: Froberg, Carl-Erik
670 ## - SOURCE DATA FOUND
- Source citation: Work cat.: (NUST)193396: Froberg, Carl-Erik, Introduction to numerical analysis / , 1969
